Govt. of
Madhya Pradesh

Social Sciene NCERT for civil services Exa. (Record no. 59010)

MARC details
000 -LEADER
fixed length control field 00409nam a22001577a 4500
003 - CONTROL NUMBER IDENTIFIER
control field macl
005 - DATE AND TIME OF LATEST TRANSACTION
control field 20190312175331.0
008 - FIXED-LENGTH DATA ELEMENTS--GENERAL INFORMATION
fixed length control field 190312b xxu||||| |||| 00| 0 eng d
040 ## - CATALOGING SOURCE
Transcribing agency macl
082 ## - DEWEY DECIMAL CLASSIFICATION NUMBER
Classification number 300
100 ## - MAIN ENTRY--PERSONAL NAME
Personal name Sheelwant singh /kriti rastogi
9 (RLIN) 73811
245 ## - TITLE STATEMENT
Title Social Sciene NCERT for civil services Exa.
260 ## - PUBLICATION, DISTRIBUTION, ETC. (IMPRINT)
Place of publication, distribution, etc. Chennai
Name of publisher, distributor, etc. Mcgraw hill
Date of publication, distribution, etc. 2018
650 ## - SUBJECT ADDED ENTRY--TOPICAL TERM
Topical term or geographic name as entry element social
9 (RLIN) 73812
942 ## - ADDED ENTRY ELEMENTS (KOHA)
Source of classification or shelving scheme
Koha item type Books
Holdings
Withdrawn status Lost status Source of classification or shelving scheme Damaged status Not for loan Home library Current library Date acquired Total Checkouts Total Renewals Full call number Barcode Date last seen Date last checked out Price effective from Koha item type
          MACL MACL 12/03/2019 8 2 300 GCLC00005 31/01/2026 30/12/2025 12/03/2019 Books